[Event "BCA op"]
[Site "Buenos Aires"]
[Date "1988.??.??"]
[Round "?"]
[White "Markeluk, Sergio"]
[Black "Schuster, Carlos"]
[Result "1-0"]
[WhiteElo "2320"]
[BlackElo "2250"]

1.d4 Nf6 2.c4 e6 3.Nf3 b6 4.Nc3 Bb7 5.a3 d5 6.cxd5 exd5 7.g3 Be7 8.Qa4+ c6
9.Bg2 Nbd7 10.O-O O-O 11.Rd1 Bd6 12.Nh4 Re8 13.Nf5 Bc7 14.Bg5 h6 15.Bh4 Re6
16.e4 dxe4 17.Nxe4 Qe8 18.Nxf6+ Nxf6 19.Rac1 b5 20.Qb3 Bb6 21.Bxf6 Rxf6 22.Qc2 Rd8
23.Re1 Re6 24.Qc3 Qd7 25.Bh3 Bxd4 26.Qxd4 Qxd4 27.Nxd4 Rxe1+ 28.Rxe1 Rxd4
29.Re7 Ba6 30.Rxa7 Ra4 31.b3 Rxa3 32.Bc8 Rxb3 33.Rxa6 c5 34.Ra8 Kh7 35.h4 h5
36.Bf5+ g6 37.Be4 f5 38.Ra7+ Kh8 39.Bd5 c4 40.Bf7 Rb1+ 41.Kg2 c3 42.Rc7 b4
43.Kf3 Rc1 44.Kf4 Rd1 45.Kg5 Rd6 46.Kh6 g5+ 47.Bg6 Rd8 48.hxg5 f4 49.Bf7 fxg3
50.Be6  1-0

[Event "Calcutta"]
[Site "Calcutta"]
[Date "1988.??.??"]
[Round "?"]
[White "Hernandez, Roman"]
[Black "Mithrakanth, Poorna Sharma"]
[Result "1-0"]
[WhiteElo "2445"]
[BlackElo "2320"]

1.d4 Nf6 2.Nf3 e6 3.c4 b6 4.Nc3 Bb4 5.e3 Bb7 6.Bd3 O-O 7.O-O Bxc3 8.bxc3 d6
9.Nd2 e5 10.e4 Re8 11.f3 c5 12.d5 Nbd7 13.Rf2 Nh5 14.g3 g6 15.Nf1 Nf8 16.Bh6 Bc8
17.Ne3 Ng7 18.Qd2 a6 19.g4 f6 20.Kh1 Ra7 21.Rg1 Rf7 22.Qe1 Kh8 23.Rb2 Ree7
24.Qg3 Rb7 25.h4 Qe7 26.Qh2 Qd8 27.Rf1 Qe7 28.Rfb1 Qd8 29.a4 a5 30.Rg2 Qc7
31.Bc2 Qd8 32.Qg3 Qc7 33.Kg1 Qd8 34.Kf2 Qc7 35.Ke2 Qd8 36.Kd2 Qc7 37.Kc1 Qd8
38.Kb2 Qc7 39.Ka3 Qd8 40.Rf2 Kg8 41.Rbf1 Qc7 42.Qh2 Qd8 43.f4 exf4 44.Bxf4 Rbd7
45.Bg3 Ne8 46.h5 Rc7 47.g5 fxg5 48.e5 dxe5 49.Bxe5 Rxf2 50.Qxf2 Qe7 51.d6  1-0

[Event "Caorle op"]
[Site "Caorle"]
[Date "1988.??.??"]
[Round "1"]
[White "Huss, B."]
[Black "Magari, R."]
[Result "1/2-1/2"]
[WhiteElo "2090"]
[BlackElo "1920"]

1.d4 Nf6 2.Nf3 e6 3.c4 b6 4.Nc3 Bb4 5.Bg5 h6 6.Bxf6 Qxf6 7.e4 Bb7 8.Bd3 O-O
9.O-O Bxc3 10.bxc3 d6 11.Qd2 Nd7 12.Ne1 e5 13.Nc2 Rfe8 14.Rae1 g5 15.g3 Qg7
16.Ne3 Nf6 17.Nf5 Qg6 18.f3 Nh5 19.Re2 Bc8 20.Rg2 Bxf5 21.exf5 Qf6 22.Be4 Rad8
23.Qd3 Kh8 24.Re2 Rg8 25.Kh1 Qg7  1/2-1/2

[Event "DEN-ch"]
[Site "?"]
[Date "1988.??.??"]
[Round "4"]
[White "Bjerring, Kai"]
[Black "Schandorff, Lars"]
[Result "0-1"]
[WhiteElo "2305"]
[BlackElo "2400"]

1.d4 Nf6 2.c4 e6 3.Nf3 b6 4.Nc3 Bb7 5.Bg5 Be7 6.Qc2 c5 7.e4 d6 8.O-O-O Nbd7
9.h3 cxd4 10.Nxd4 a6 11.f4 Qc7 12.Be2 Rc8 13.g4 Qb8 14.Rhe1 O-O 15.Bh4 h6
16.g5 hxg5 17.Bxg5 b5 18.cxb5 axb5 19.Bxb5 Nc5 20.Bd3 Rfe8 21.Nb3 Nxd3+ 22.Qxd3 Qa8
23.Kb1 Rxc3 24.Qxc3 Bxe4+ 25.Ka1 Bg6 26.h4 Nd5 27.Rxd5 Qxd5 28.Bxe7 Rxe7
29.Qd4 Qb5 30.Qxd6 Ra7  0-1

[Event "DEN-ch"]
[Site "?"]
[Date "1988.??.??"]
[Round "6"]
[White "Hansen, Lars Bo"]
[Black "Schandorff, Lars"]
[Result "1/2-1/2"]
[WhiteElo "2365"]
[BlackElo "2400"]

1.d4 Nf6 2.c4 e6 3.Nf3 b6 4.Nc3 Bb7 5.a3 d5 6.cxd5 Nxd5 7.Qa4+ c6 8.Nxd5 Qxd5
9.g3 Qd7 10.Ne5 Qd5 11.f3 Be7 12.e4 Qd8 13.Be3 O-O 14.Rc1 Bd6 15.Nd3 Nd7
16.Be2 e5 17.dxe5  1/2-1/2

[Event "Dieren op"]
[Site "Dieren"]
[Date "1988.??.??"]
[Round "6"]
[White "Van Wely, Loek"]
[Black "Vogel, Jaap"]
[Result "1-0"]
[WhiteElo "2325"]
[BlackElo "2250"]

1.d4 e6 2.Nf3 Nf6 3.c4 b6 4.Nc3 Bb4 5.Bg5 h6 6.Bh4 Bxc3+ 7.bxc3 Bb7 8.e3 d6
9.Bd3 Nbd7 10.O-O Qe7 11.a4 a5 12.Nd2 g5 13.Bg3 O-O-O 14.Rb1 h5 15.f3 h4
16.Bf2 g4 17.fxg4 h3 18.g3 Rdg8 19.Qe2 c5 20.Rb2 Kc7 21.Re1 Rxg4 22.e4 e5
23.d5 Rhg8 24.Nf1 Qf8 25.Ne3 Rxe4 26.Bxe4 Nxe4 27.Nf5 Ndf6 28.Be3 Bc8 29.Qf3 Qd8
30.Reb1 Qd7 31.Nh6 Rg6 32.Rxb6 Qxa4 33.Rc6+ Kd8 34.Rb8 Qa1+ 35.Qf1 Qxc3 36.Rbxc8+  1-0

[Event "Dieren op"]
[Site "Dieren"]
[Date "1988.??.??"]
[Round "6"]
[White "Grooten, Herman"]
[Black "Hoeksema, Hendrik Pieter"]
[Result "0-1"]
[WhiteElo "2325"]
[BlackElo "2355"]

1.Nf3 Nf6 2.c4 e6 3.d4 b6 4.Nc3 Bb7 5.a3 d5 6.cxd5 Nxd5 7.Qc2 Be7 8.e4 Nxc3
9.bxc3 O-O 10.Bd3 c5 11.O-O Qc8 12.Qe2 Ba6 13.Bb2 Bxd3 14.Qxd3 Qa6 15.Qd2 Nc6
16.d5 exd5 17.exd5 Na5 18.Ne5 Nb3 19.Qe3 Nxa1 20.Rxa1 c4 21.Re1 Qb5 22.Nc6 Bd6
23.Qd2 Rfe8 24.Rd1 Qa4 25.g3 Re4 26.Nd4 Rae8 27.Kg2 Bc5 28.Qg5 h6 29.Qh5 Bxd4
30.cxd4 Re2  0-1

[Event "Dordrecht"]
[Site "Dordrecht"]
[Date "1988.??.??"]
[Round "?"]
[White "Piket, Jeroen"]
[Black "Farago, Ivan"]
[Result "1/2-1/2"]
[WhiteElo "2470"]
[BlackElo "2475"]

1.d4 Nf6 2.Nf3 e6 3.c4 b6 4.Nc3 Bb7 5.a3 d5 6.cxd5 Nxd5 7.Qc2 Be7 8.Bd2 O-O
9.e4 Nxc3 10.Bxc3 c5 11.Rd1 cxd4 12.Nxd4 Qc8 13.Be2 Nc6 14.Nb5 Rd8 15.O-O a6
16.Rxd8+ Qxd8 17.Rd1 Qb8 18.Nd4 Nxd4 19.Bxd4 b5 20.Qc3 Qf8 21.Bf3 Rc8 22.Qa5 Bc5
23.Bxc5 Qxc5 24.b4 Qe7 25.Qb6 h6 26.h3 Kh7 27.Qd6 Qxd6 28.Rxd6 Rc4 29.Rd7 Bxe4
30.Bxe4+ Rxe4 31.Rxf7 Re1+  1/2-1/2

[Event "Dortmund op"]
[Site "Dortmund"]
[Date "1988.??.??"]
[Round "?"]
[White "Eperjesi, Laszlo"]
[Black "Varasdy, Imre"]
[Result "1/2-1/2"]
[WhiteElo "2330"]
[BlackElo "2350"]

1.d4 Nf6 2.Nf3 e6 3.c4 b6 4.Nc3 Bb4 5.e3 Bb7 6.Bd3 c5 7.O-O O-O 8.Na4 cxd4
9.a3 Be7 10.exd4 d6 11.Nc3 Nbd7 12.d5 e5 13.Ng5 h6 14.Nge4 Nxe4 15.Nxe4 f5
16.Ng3 e4 17.Be2 Ne5 18.b3 Bg5 19.f4 exf3 20.Bxf3 g6 21.Ne2 Qf6 22.Bf4 Rae8
23.Rc1 Rf7 24.Qd2 Rfe7 25.Bxg5 hxg5 26.Nd4 g4 27.Bd1 Nf7 28.Ne6 Bc8 29.Bxg4 Bxe6
30.dxe6 Rxe6 31.Bf3 Kg7 32.Rc3 Ne5 33.Bd5 R6e7 34.h3 Qh4 35.Bf3 Qf6 36.Bd5  1/2-1/2

[Event "Dortmund-B"]
[Site "Dortmund"]
[Date "1988.??.??"]
[Round "?"]
[White "Kohlweyer, Bernd"]
[Black "Tolnai, Tibor"]
[Result "1/2-1/2"]
[WhiteElo "2325"]
[BlackElo "2465"]

1.d4 Nf6 2.c4 e6 3.Nf3 b6 4.Nc3 Bb7 5.a3 Ne4 6.Nxe4 Bxe4 7.Nd2 Bb7 8.e4 d5
9.cxd5 exd5 10.Bb5+ c6 11.Bd3 dxe4 12.Nxe4 Be7 13.O-O O-O 14.Qh5 g6 15.Qf3 Qxd4
16.Bh6 Nd7 17.Bxf8 Ne5 18.Qe2 Rxf8 19.Rad1 Nxd3 20.Rxd3 Qc4 21.Qe3 Qe6 22.Rfd1 Bc8
23.h3 c5 24.Nd6 Qxe3 25.Rxe3 Be6 26.Nb5 Bg5 27.Re4 Bf6 28.Rd2 Bf5 29.Re1 Bg5
30.Rd6 Bf4 31.Rdd1 a6 32.Nc3 Be6 33.Nd5 Bg5 34.Nxb6 Bf6 35.Rd2 Rb8 36.Na4 c4
37.Ree2 Bf5 38.Rd6 Bd3 39.Rd2 Be5 40.R6xd3 cxd3 41.Rxd3 Bxb2 42.Nxb2 Rxb2
43.Rd6 Rb1+ 44.Kh2 Rb2 45.f3 Ra2 46.Rxa6 Kg7 47.Kg3 h5 48.h4 Kh7 49.Kh3 Kg7
50.Ra4 Kg8 51.g4 hxg4+ 52.fxg4 Kg7 53.g5 Ra1 54.Kg2 Ra2+ 55.Kf1 f5 56.gxf6+ Kxf6
57.Ke1 Kg7 58.Kd1 Kh6 59.Kc1 Kh5  1/2-1/2

[Event "Eger op"]
[Site "Eger"]
[Date "1988.??.??"]
[Round "?"]
[White "Roeder, Mathias"]
[Black "Orso, Miklos"]
[Result "1-0"]
[WhiteElo "2330"]
[BlackElo "2375"]

1.d4 Nf6 2.Nf3 e6 3.c4 b6 4.Nc3 Bb7 5.a3 d5 6.cxd5 Nxd5 7.Qc2 Be7 8.Bd2 O-O
9.e4 Nxc3 10.Bxc3 Nd7 11.Rd1 Qc8 12.Bd3 Ba6 13.O-O Bxd3 14.Rxd3 Qb7 15.d5 exd5
16.exd5 Bf6 17.Rc1 Nc5 18.Bxf6 Nxd3 19.Qxd3 gxf6 20.Nh4 Rfe8 21.Qg3+ Kh8
22.Qf4 Rg8 23.Qxf6+ Rg7 24.Nf5 Rg8 25.Re1  1-0

[Event "Eger op"]
[Site "Eger"]
[Date "1988.??.??"]
[Round "?"]
[White "Roeder, Mathias"]
[Black "Orgovan, Sandor"]
[Result "1-0"]
[WhiteElo "2330"]
[BlackElo "2310"]

1.d4 Nf6 2.c4 e6 3.Nf3 b6 4.Nc3 Bb4 5.Qc2 Bb7 6.a3 Bxc3+ 7.Qxc3 Ne4 8.Qc2 d6
9.e3 Nd7 10.b3 O-O 11.Bb2 f5 12.Rd1 Rf6 13.d5 e5 14.Nd2 Nxd2 15.Rxd2 c6 16.Bd3 e4
17.Be2 Rg6 18.dxc6 Bxc6 19.g3 Nc5 20.h4 Nd3+ 21.Kf1 h6 22.h5 Re6 23.Rh4 Qg5
24.Bxd3 exd3 25.Qxd3 Rae8 26.Qd4 Re4 27.Qxd6 Rxh4 28.Qxc6 Rhe4 29.Rd7 R8e7
30.Qa8+ Kh7 31.Qxa7 f4 32.Rxe7 Rxe7 33.gxf4 Qc5 34.Qa8 Qxh5 35.Qd5 Qh3+ 36.Ke1 Qg4
37.Qd6 Rf7 38.Qd3+ Qf5 39.Qxf5+ Rxf5 40.Bd4 h5 41.Bxb6 h4  1-0

[Event "BL2-N8788"]
[Site "Germany"]
[Date "1988.??.??"]
[Round "?"]
[White "Panzer, Peter"]
[Black "Breyther, Ruediger"]
[Result "1/2-1/2"]
[WhiteElo "2275"]
[BlackElo "2365"]

1.d4 Nf6 2.c4 e6 3.Nf3 b6 4.Nc3 Bb4 5.Qb3 a5 6.g3 Bb7 7.Bg2 O-O 8.O-O Na6
9.Bf4 Re8 10.Na4 d5 11.a3 dxc4 12.Qxc4 Bd6 13.Bxd6 Qxd6 14.Rac1 Red8 15.Rfd1 Qd5
16.Qxd5 exd5 17.e3 Ne8 18.Bf1 Nb8 19.Ne5 f6 20.Nf3 Ba6 21.Rc2 Bxf1 22.Kxf1 Nd7
23.Rdc1 Nf8 24.h4 Ne6 25.b3  1/2-1/2

[Event "BL2-SW8788"]
[Site "Germany"]
[Date "1988.??.??"]
[Round "?"]
[White "Loeffler, Stefan"]
[Black "Zude, Arno"]
[Result "1/2-1/2"]
[WhiteElo "2265"]
[BlackElo "2355"]

1.d4 Nf6 2.c4 e6 3.Nf3 b6 4.Nc3 Bb7 5.Bg5 h6 6.Bh4 Be7 7.Qc2 d5 8.cxd5 Nxd5
9.Bxe7 Qxe7 10.Nxd5 exd5 11.Rc1 c6 12.e3 Nd7 13.Be2 O-O 14.O-O Rfc8 15.Qf5 c5
16.dxc5 bxc5 17.Rc2 Bc6 18.Bd3 g6 19.Qf4 Kg7 20.Rfc1 Rab8 21.Ba6 Rd8 22.Qc7 Qf6
23.b3 c4 24.Nd4 Rb6 25.Bc8  1/2-1/2

[Event "Groningen"]
[Site "Groningen"]
[Date "1988.??.??"]
[Round "?"]
[White "Hoeksema, Hendrik Pieter"]
[Black "Douven, Rudy C"]
[Result "0-1"]
[WhiteElo "2355"]
[BlackElo "2430"]

1.d4 Nf6 2.c4 e6 3.Nf3 b6 4.Nc3 Bb7 5.Bg5 h6 6.Bh4 g5 7.Bg3 Nh5 8.e3 Nxg3
9.hxg3 Bg7 10.Bd3 Qe7 11.a3 Nc6 12.b4 d6 13.Qa4 a5 14.b5 Nb8 15.Qc2 Nd7 16.Be4 O-O-O
17.Bxb7+ Kxb7 18.Nd2 f5 19.g4 Rhf8 20.gxf5 exf5 21.O-O-O Qe6 22.Rhe1 Rde8
23.Qd3 Kb8 24.Nb3 h5 25.Na4 h4 26.Kb1 g4 27.c5 dxc5 28.dxc5 Ne5 29.Qd5 Nc4
30.Ka2 Qxd5 31.Rxd5 g3 32.fxg3 hxg3 33.Rd7 Bf6 34.Rc1 Re4 35.cxb6 cxb6 36.Nd2 Nxd2
37.Rcc7 Bd8 38.Rb7+ Kc8 39.Ra7 Rfe8 40.Rxd2 Rxa4  0-1

[Event "JUG-ch"]
[Site "?"]
[Date "1988.??.??"]
[Round "?"]
[White "Djuric, Stefan"]
[Black "Maksimovic, Branimir"]
[Result "1/2-1/2"]
[WhiteElo "2475"]
[BlackElo "2400"]

1.c4 Nf6 2.d4 e6 3.Nf3 b6 4.Nc3 Bb7 5.g3 Ne4 6.Nxe4 Bxe4 7.Bh3 Bb4+ 8.Bd2 Bxd2+
9.Qxd2 Bxf3 10.exf3 d5 11.Rc1 Nc6 12.O-O O-O 13.f4 Ne7 14.Rfe1 dxc4 15.Rxc4 Qd6
16.Qc2 c6 17.Bg2 Rac8 18.Be4 g6 19.h4 Rfd8 20.Rd1 c5 21.Qa4 Qb8 22.Qb3 cxd4
23.Rcxd4 Rxd4 24.Rxd4 Rd8 25.Qd3 Rxd4 26.Qxd4 Qc7 27.h5 gxh5 28.Qf6 Ng6 29.f5 exf5
30.Bxf5 Qe5 31.Qxe5 Nxe5 32.Kf1 Kg7 33.Ke2 Ng6 34.Kf3 Kf6 35.Ke4 h6 36.b4 h4
37.gxh4 Nxh4 38.Bh3 Ng6 39.a4 h5 40.f4 Nf8 41.Bc8 a5 42.bxa5 bxa5 43.f5 Kg5
44.Kd5 h4 45.f6 Kxf6 46.Kc5 Ne6+ 47.Kb6 h3 48.Bb7 Ke5 49.Bh1 Kd4 50.Kxa5 Nc5
51.Kb5 f5 52.a5 f4 53.Kb6 h2 54.Kb5 Ne6 55.Kb6 Nc5 56.Kb5 Ne6  1/2-1/2

[Event "JUG-ch"]
[Site "?"]
[Date "1988.??.??"]
[Round "?"]
[White "Lalic, Bogdan"]
[Black "Maksimovic, Branimir"]
[Result "1/2-1/2"]
[WhiteElo "2495"]
[BlackElo "2400"]

1.d4 Nf6 2.c4 e6 3.Nf3 b6 4.Nc3 Bb4 5.Bg5 Bb7 6.e3 h6 7.Bh4 g5 8.Bg3 Ne4
9.Nd2 Bxc3 10.bxc3 Nxg3 11.fxg3 h5  1/2-1/2

[Event "URS-FL56"]
[Site "Klaipeda"]
[Date "1988.??.??"]
[Round "?"]
[White "Shirov, Alexei"]
[Black "Aseev, Konstantin N"]
[Result "1/2-1/2"]
[WhiteElo "2380"]
[BlackElo "2445"]

1.d4 Nf6 2.c4 e6 3.Nf3 b6 4.Nc3 Bb7 5.Bg5 Be7 6.Qc2 c5 7.dxc5 bxc5 8.e3 O-O
9.Be2 d6 10.O-O Qb6 11.Rfd1 Rd8 12.Rd2 a6 13.Rad1 Nbd7 14.Bf4 Nf8 15.h3 Rac8
16.Ne1 Ng6 17.Bg3 d5 18.Bf3 dxc4 19.Rxd8+ Bxd8 20.Na4 Qb5 21.Bxb7 Qxb7 22.Qxc4 Ne4
23.Bh2 Be7 24.Nd3 h5 25.f3 Nd6 26.Bxd6 Bxd6 27.f4 Nh4 28.e4 Ng6 29.e5 Be7
30.b3 Rd8 31.Rf1 Qc6 32.Naxc5 Bxc5+ 33.Nxc5 Rd2 34.Ne4 Qxc4 35.bxc4 Rxa2
36.Nd6 Rc2 37.g3 h4 38.gxh4 Nxh4 39.Rf2 Rc1+ 40.Kh2 Ng6 41.Kg3 f6 42.exf6 gxf6
43.f5 Rc3+ 44.Kh2 exf5 45.Rxf5 Ne5 46.Rxf6  1/2-1/2

[Event "URS-FL56"]
[Site "Klaipeda"]
[Date "1988.??.??"]
[Round "?"]
[White "Dokhoian, Yury"]
[Black "Magerramov, Elmar"]
[Result "1/2-1/2"]
[WhiteElo "2520"]
[BlackElo "2430"]

1.d4 Nf6 2.c4 e6 3.Nf3 b6 4.Nc3 Bb7 5.a3 d5 6.cxd5 Nxd5 7.Qc2 Nxc3 8.bxc3 Be7
9.e3 Nd7 10.Bd3 c5 11.O-O Qc7 12.Qe2 O-O 13.e4 Rfe8 14.Bd2 Rac8 15.a4 e5  1/2-1/2

[Event "URS-FL56"]
[Site "Klaipeda"]
[Date "1988.??.??"]
[Round "?"]
[White "Dokhoian, Yury"]
[Black "Shirov, Alexei"]
[Result "1/2-1/2"]
[WhiteElo "2520"]
[BlackElo "2380"]

1.d4 Nf6 2.c4 e6 3.Nf3 b6 4.Nc3 Bb7 5.a3 g6 6.Qc2 Bxf3 7.gxf3 Nc6 8.e3 Bg7
9.f4 O-O 10.Bg2 Na5 11.Bxa8 Qxa8 12.O-O Nxc4 13.Qe2 d5 14.b3 Nd6 15.a4 c5
16.Ba3 Rc8 17.Rac1 Nf5 18.Qa6 Rd8 19.Nb5 cxd4 20.Qxa7 Qxa7 21.Nxa7 dxe3 22.fxe3 Nxe3
23.Rf3 Nf5 24.Rfc3 Ne4 25.Rc8 Bd4+ 26.Kg2 Rxc8 27.Rxc8+ Kg7 28.Nb5 Be3 29.b4 Bd2
30.Kf3 Ned6 31.Nxd6 Nxd6 32.Bb2+ Kh6 33.Rb8 Nc4 34.Bd4 Bxb4 35.Bxb6 Bd2 36.Bc7 g5
37.Ra8 Kh5 38.a5 gxf4 39.a6 e5 40.Rd8 e4+ 41.Kg2 f3+ 42.Kh3 Be1 43.Rxd5+ Kg6
44.Bf4 e3 45.a7 f2 46.Rg5+ Kf6 47.a8=Q f1=Q+ 48.Kg4 Qe2+ 49.Qf3 Qxf3+ 50.Kxf3 Bb4
51.Rh5 Kg7 52.Rd5 Be7 53.Ke2 f6 54.Rd7 Kf8 55.Rb7 Nd6 56.Rb8+ Kf7 57.Kxe3 Kg6
58.Kf3 h5 59.Rg8+ Kh7 60.Rg1 Bf8 61.h3 Nf7 62.Ke4 Bh6 63.Bxh6 Kxh6 64.Kf5 Ng5
65.Rg3 h4 66.Ra3 Kh5 67.Ra8 Nh7 68.Rg8 Kh6 69.Kg4 Ng5 70.Kxh4 Kh7 71.Ra8 Kg6
72.Ra5 Nf3+ 73.Kg3 Ne5 74.Ra8 Nf7 75.Rg8+ Kh7 76.Rg4 Ne5 77.Rd4 Kg6 78.Kf4 Nf7
79.Rd3 Ng5 80.Kg4 Ne4 81.Re3 Ng5 82.Rg3 Ne4 83.Rg1 Ng5 84.Rg2 Ne6 85.Re2 Ng5
86.Re8 Nf7 87.Kf4 Ng5 88.Kg4 Nf7 89.Rg8+ Kh7 90.Rb8 Kg6 91.Ra8 Ne5+ 92.Kf4 Nd3+
93.Ke3 Ne5 94.Rg8+ Kh5 95.Ke4 Kh4 96.Rh8+ Kg5 97.Kd5 Nf3 98.Kd6 Ne5 99.Ke6 Nf3
100.Ke7 Ne5 101.Ra8 Ng6+ 102.Kf7 Nf4 103.Ra3 f5 104.Rc3 Nxh3 105.Rxh3 Kg4
106.Rh6 f4 107.Rg6+ Kh3 108.Rf6 Kg3 109.Ke6 f3 110.Ke5 f2 111.Ke4 Kg2 112.Ke3 f1=Q  1/2-1/2

[Event "FRG-ch qual"]
[Site "Koenigslutter"]
[Date "1988.??.??"]
[Round "?"]
[White "Michaelsen, Nils"]
[Black "Behrens, Harald"]
[Result "1-0"]
[WhiteElo "2380"]
[BlackElo "2305"]

1.d4 Nf6 2.c4 e6 3.Nf3 b6 4.Nc3 Bb4 5.Bg5 h6 6.Bh4 Bb7 7.e3 Bxc3+ 8.bxc3 d6
9.Nd2 Nbd7 10.f3 Qe7 11.Bd3 O-O-O 12.e4 g5 13.Bf2 Kb8 14.a4 a5 15.Rb1 c5
16.O-O e5 17.Re1 Ka7 18.Nf1 Nh5 19.Ne3 Nf4 20.Nd5 Nxd5 21.cxd5 Rc8 22.Qb3 Ba6
23.Bxa6 Kxa6 24.dxc5 dxc5 25.d6 Qe6 26.Qb5+ Ka7 27.Red1 Rb8 28.Rd5 Rb7 29.c4 Rhb8
30.Rd3 f6 31.Be1 Ka8 32.Bxa5 Qe8 33.Bd2 Nf8 34.d7 Rxd7 35.a5 bxa5 36.Qxa5+ Ra7
37.Qxa7+  1-0

[Event "Lugano op"]
[Site "Lugano"]
[Date "1988.??.??"]
[Round "?"]
[White "Flear, Glenn C"]
[Black "Milosevic, Goran"]
[Result "1-0"]
[WhiteElo "2460"]
[BlackElo "2325"]

1.d4 Nf6 2.c4 e6 3.Nf3 b6 4.Nc3 Bb7 5.Bg5 Bb4 6.e3 O-O 7.Bd3 c5 8.O-O cxd4
9.exd4 d5 10.cxd5 exd5 11.Ne5 Be7 12.Re1 h6 13.Bh4 Nc6 14.Ba6 Nxe5 15.Bxb7 Ng6
16.Bxf6 Bxf6 17.Bxa8 Qxa8 18.g3 Rd8 19.Rc1 Nf8 20.Nb5 a6 21.Nc7 Qb7 22.Ne8 Bg5
23.f4 Qb8 24.fxg5 Rxe8 25.gxh6  1-0

[Event "Luxembourg op"]
[Site "Luxembourg"]
[Date "1988.??.??"]
[Round "4"]
[White "Flear, Glenn C"]
[Black "Huss, Andreas"]
[Result "1-0"]
[WhiteElo "2460"]
[BlackElo "2390"]

1.d4 Nf6 2.c4 e6 3.Nf3 b6 4.Nc3 Bb4 5.Bg5 Bb7 6.e3 h6 7.Bh4 Bxc3+ 8.bxc3 d6
9.Nd2 Nbd7 10.f3 Qe7 11.Bd3 e5 12.e4 O-O-O 13.Qa4 Kb8 14.O-O-O c5 15.Nf1 cxd4
16.cxd4 exd4 17.Ng3 Nc5 18.Qc2 Qe5 19.Nf5 Ne6 20.Bg3 Qc5 21.Nxd6 Rxd6 22.e5 Rdd8
23.exf6+ Ka8 24.fxg7 Qg5+ 25.Kb1 Qxg7 26.Rhe1 Rhe8 27.Bf5 Qf8 28.Bh4 Rc8
29.Bxe6 Rxe6 30.Rxe6 fxe6 31.Rxd4 e5 32.Rd7 e4 33.fxe4 Qf4 34.g3 Qf1+ 35.Kb2 Ba6
36.e5 Bxc4  1-0

[Event "Luxembourg op"]
[Site "Luxembourg"]
[Date "1988.??.??"]
[Round "8"]
[White "Flear, Glenn C"]
[Black "Tangborn, Eric"]
[Result "1-0"]
[WhiteElo "2460"]
[BlackElo "2350"]

1.d4 Nf6 2.c4 e6 3.Nf3 b6 4.Nc3 Bb7 5.Bg5 h6 6.Bh4 Be7 7.Qc2 c5 8.dxc5 bxc5
9.e3 Nc6 10.Rd1 a6 11.Be2 Qc7 12.O-O O-O 13.Rd2 Rfd8 14.Rfd1 d6 15.h3 Nh5
16.Bxe7 Qxe7 17.Nh2 Nf6 18.Nf1 Rab8 19.Ng3 Ne8 20.Kh2 Qc7 21.b3 Nb4 22.Qb2 Ba8
23.Kg1 Qe7 24.Qa1 Nf6 25.Re1 Ne8 26.Qd1 Nf6 27.Bf3 Bxf3 28.Qxf3 Rbc8 29.Red1 Ne8
30.Nh5 g6 31.Nf4 Kh7 32.Qg3 Nf6 33.Nfe2 e5 34.Qh4 Kg7 35.Ng3 Qe6 36.Nge4 g5
37.Qg3 Ne8 38.Qf3 f5 39.Ng3 Kg6 40.h4 g4 41.h5+ Kg5 42.Qe2 Ng7 43.Rxd6  1-0

[Event "Lvov"]
[Site "Lvov"]
[Date "1988.??.??"]
[Round "?"]
[White "Sapis, Witalis"]
[Black "Lalev, Dimitar"]
[Result "1/2-1/2"]
[WhiteElo "2445"]
[BlackElo "2430"]

1.d4 Nf6 2.Nf3 e6 3.c4 b6 4.Nc3 Bb4 5.Qc2 Bb7 6.a3 Bxc3+ 7.Qxc3 d6 8.g3 Nbd7
9.Bg2 O-O 10.O-O Qe7 11.b4 c5 12.dxc5 bxc5 13.Bb2 Nb6 14.bxc5 dxc5 15.a4 Rab8
16.Qc2 Nbd7 17.Rfd1 e5 18.Bc3 e4 19.Ng5 h6 20.Nh3 e3 21.f3 Qe6 22.Qd3 Ba6
23.Nf4 Qxc4 24.Qxe3 Rb3 25.Rdc1 g5 26.Qd2 gxf4 27.Bxf6 Qe6 28.Bc3 Qe3+ 29.Qxe3 fxe3
30.Kf1 Nb6 31.f4 Rd8 32.Bf3 Nc4 33.Kg2 Nd2 34.Bf6 Rc8 35.Rc3 Rxc3 36.Bxc3 Nxf3
37.Kxf3 Re8 38.Rb1 Bc4 39.Be5 Bd5+ 40.Kxe3 f6 41.Rb8 Rxb8 42.Bxb8 a6 43.Bd6 Bc6
44.a5 f5 45.Bxc5 Kf7 46.g4 Kg6 47.Kd4 h5 48.h3 hxg4 49.hxg4 Kf6 50.Bb4 Ke6
51.Be1 Bg2 52.Bg3 Kf6 53.Kc5 Bf1 54.Bh4+ Kf7 55.e3 Ke6 56.g5 Kf7 57.e4 fxe4
58.f5 Bh3 59.Kb6 Bxf5 60.Kxa6 Kg6  1/2-1/2

[Event "Malmo"]
[Site "Malmo"]
[Date "1988.??.??"]
[Round "?"]
[White "Sandstrom, Ludvig"]
[Black "Brynell, Stellan"]
[Result "0-1"]
[WhiteElo "2265"]
[BlackElo "2385"]

1.d4 Nf6 2.Nf3 e6 3.c4 b6 4.Nc3 Bb4 5.Bg5 h6 6.Bh4 Bb7 7.e3 Bxc3+ 8.bxc3 d6
9.Nd2 Nbd7 10.f3 Qe7 11.Bd3 O-O-O 12.a4 e5 13.e4 g5 14.Bf2 Nh5 15.g3 a5 16.Qb3 Ng7
17.O-O-O Ne6 18.Qa3 Qf6 19.c5 dxc5 20.d5 Ng7 21.Rhf1 Ne8 22.Be3 Nd6 23.Qb2 Qe7
24.Nc4 Nxc4 25.Bxc4 Qd6 26.h4 gxh4 27.gxh4 Kb8 28.Qh2 Nf6 29.h5 Bc8 30.Qh4 Bd7
31.f4 Nxe4 32.fxe5 Qxe5 33.Rd3 Nd6 34.Bf4 Qe4  0-1

[Event "Malmo"]
[Site "Malmo"]
[Date "1988.??.??"]
[Round "?"]
[White "Sandstrom, Ludvig"]
[Black "Westerinen, Heikki MJ"]
[Result "1/2-1/2"]
[WhiteElo "2265"]
[BlackElo "2395"]

1.d4 Nf6 2.Nf3 e6 3.c4 b6 4.Nc3 Bb4 5.Bg5 Bb7 6.e3 h6 7.Bh4 Bxc3+ 8.bxc3 d6
9.Nd2 Nbd7 10.f3 Qe7 11.Bd3 g5 12.Bf2 Nh5 13.Qa4 f5 14.h4 Kf7 15.hxg5 hxg5
16.O-O-O a6 17.Qc2 Qf6 18.Rdf1 Ng7 19.g4 Ke7 20.gxf5 exf5 21.e4 f4 22.Qb3 Ne6
23.c5 Rxh1 24.cxd6+ cxd6 25.Rxh1 Rh8 26.Rf1 Nc7 27.Re1 Kd8 28.a4 Kc8 29.Qb4 d5
30.c4 dxc4 31.Nxc4 Rh2 32.Bg1 Rg2 33.e5 Nd5 34.Nd6+ Kb8 35.Qb3 Qd8 36.Nxb7 Qc7+
37.Nc5 Nxc5 38.dxc5 Rxg1 39.Rxg1 Qxc5+ 40.Kb2 Qd4+ 41.Ka3 Qc5+ 42.Kb2 Qd4+
43.Ka3  1/2-1/2

[Event "Moscow-A"]
[Site "Moscow"]
[Date "1988.??.??"]
[Round "?"]
[White "Kharitonov, Andrei Y"]
[Black "Razuvaev, Yuri S"]
[Result "1/2-1/2"]
[WhiteElo "2550"]
[BlackElo "2535"]

1.d4 Nf6 2.c4 e6 3.Nf3 b6 4.Nc3 Bb4 5.Bg5 Bb7 6.e3 h6 7.Bh4 Bxc3+ 8.bxc3 d6
9.Nd2 Nbd7 10.f3 Qe7 11.e4 e5 12.Bd3 g5 13.Bf2 Nh5 14.O-O Nf4 15.Bc2 h5 16.Re1  1/2-1/2

[Event "Moscow-A"]
[Site "Moscow"]
[Date "1988.??.??"]
[Round "?"]
[White "Levitt, Jonathan"]
[Black "Kharitonov, Andrei Y"]
[Result "1/2-1/2"]
[WhiteElo "2485"]
[BlackElo "2550"]

1.d4 Nf6 2.c4 e6 3.Nf3 b6 4.Nc3 Bb7 5.a3 d5 6.cxd5 exd5 7.g3 Be7 8.Bg2 O-O
9.O-O c5 10.Bf4 Na6 11.Ne5 Nc7 12.dxc5 bxc5 13.Nc4 Rb8 14.Bxc7 Qxc7 15.Nxd5 Bxd5
16.Bxd5 Rbd8 17.e4 Nxe4 18.Qf3 Rxd5 19.Qxe4 Rd4 20.Qc2 Bf6 21.Rad1 g6 22.Rxd4 cxd4
23.Re1 Rc8 24.b3 Kg7 25.Qd3 Qc5 26.h4 h5 27.Kf1 Qd5 28.Rd1 Rb8 29.Rb1 Qc6
30.Kg1 Re8 31.Rd1 Qe6 32.Kg2 Rc8 33.Qf3 Rc5 34.Rd3 Rf5 35.Qd1 Qc6+ 36.Kg1 Rb5
37.Qe2 Rb8 38.Qf3 Qe6 39.Kg2 Re8 40.Rd1 Rc8 41.Rd2 Qd7 42.Qd3 Re8 43.Rd1 Kh7
44.Qf3 Bg7 45.Nb2 Rc8 46.Nc4 Rc5 47.Rd3 Qe6 48.Qd1 Bf6 49.Qf3 Kg7 50.Qd1 Rf5
51.Nd2 Qc6+ 52.Kg1 Rc5 53.Nc4 Qe4 54.Nd6 Qe6 55.Nc4 Rd5 56.Kg2 a6 57.Qf3 Rf5
58.Qd1 Qe4+ 59.Kg1 Rd5 60.Nb6 Rd8 61.Nc4 Rd7  1/2-1/2

[Event "Moscow-A"]
[Site "Moscow"]
[Date "1988.??.??"]
[Round "?"]
[White "Levitt, Jonathan"]
[Black "Razuvaev, Yuri S"]
[Result "1/2-1/2"]
[WhiteElo "2485"]
[BlackElo "2535"]

1.d4 Nf6 2.c4 e6 3.Nf3 b6 4.Nc3 Bb4 5.Bg5 Bb7 6.e3 h6 7.Bh4 Bxc3+ 8.bxc3 d6
9.Nd2 Nbd7 10.f3 Qe7 11.Bd3 e5 12.e4 g5 13.Bf2 Nh5 14.Nf1 f5 15.Ne3 fxe4
16.Nf5 Qh7 17.Bxe4  1/2-1/2

[Event "Moscow-B"]
[Site "Moscow"]
[Date "1988.??.??"]
[Round "?"]
[White "Khenkin, Igor"]
[Black "Danailov, Silvio"]
[Result "1-0"]
[WhiteElo "2340"]
[BlackElo "2415"]

1.d4 Nf6 2.c4 e6 3.Nf3 b6 4.Nc3 Bb7 5.a3 d5 6.cxd5 Nxd5 7.Qc2 Nxc3 8.Qxc3 h6
9.e3 Be7 10.Bb5+ c6 11.Ba4 O-O 12.O-O Nd7 13.Rd1 Qb8 14.e4 b5 15.Bc2 c5 16.d5 exd5
17.exd5 Bd6 18.Nh4 Bxh2+ 19.Kh1 Be5 20.Qh3 Nf6 21.Nf5 h5 22.Ne7+ Kh8 23.d6 Rd8
24.d7 Bd4 25.Re1 g6 26.Bxg6 fxg6 27.Nxg6+ Kg7 28.Bf4 Kxg6 29.Bxb8 Raxb8 30.Re7 Bd5
31.Qg3+ Ng4 32.f3 Rh8 33.Re8 Rhxe8 34.dxe8=Q+ Rxe8 35.fxg4 hxg4 36.Qxg4+ Kh7
37.Qh5+  1-0

[Event "URS-ch sf"]
[Site "Moscow"]
[Date "1988.??.??"]
[Round "2"]
[White "Baikov, Vladimir A"]
[Black "Ageichenko, Genadi A"]
[Result "1/2-1/2"]
[WhiteElo "2375"]
[BlackElo "2385"]

1.d4 Nf6 2.c4 e6 3.Nf3 b6 4.Nc3 Bb7 5.a3 d5 6.cxd5 exd5 7.g3 Be7 8.Qa4+ c6
9.Bg2 O-O 10.O-O Nbd7 11.Bf4 Re8 12.Rad1 Nh5 13.Ne5 Nxf4 14.gxf4 b5 15.Qb3 Nb6
16.e4 a6 17.exd5 cxd5 18.a4 b4 19.a5  1/2-1/2

[Event "URS-ch sf"]
[Site "Moscow"]
[Date "1988.??.??"]
[Round "9"]
[White "Kiselev, Sergey"]
[Black "Naumkin, Igor"]
[Result "1/2-1/2"]
[WhiteElo "2380"]
[BlackElo "2485"]

1.d4 Nf6 2.Nf3 e6 3.c4 b6 4.Nc3 Bb7 5.a3 d5 6.cxd5 exd5 7.g3 Be7 8.Qa4+ c6
9.Bg2 O-O 10.O-O Nbd7 11.Bf4 Nh5 12.Rfd1 Nxf4 13.gxf4 a5 14.e3 b5 15.Qc2 b4
16.axb4 axb4 17.Na4 Qa5 18.Nd2 Rfb8 19.Nb3 Qd8 20.Nac5 Nxc5 21.Nxc5 Bc8 22.Nb3 Bd7
23.Nc5 Bg4 24.Rdc1 Qc8 25.Rxa8 Rxa8 26.Nd3 Bf5 27.Qd2 Bxd3 28.Qxd3 Qd7 29.Bf3 g6
30.Kg2 Ra5 31.h3 Kg7 32.Qd1 Qe6 33.Rc2 Qd6 34.b3 h6 35.Bg4 Kg8 36.f5 g5 37.Qc1 c5  1/2-1/2